000 00614nam a22001937a 4500
003 LC
005 20170208172328.0
008 170208b xxu||||| |||| 00| 0 eng d
020 _a9781285436616
050 _a CB 245 SP755 2015
100 _aSpielvogel, Jackson J.
_d1939-
245 _aWestern civilization
250 _aNinth edition
260 _aStamford, CT :
_bCengage Learning,
_cc2015
300 _axxxiv, 1018 pages :
_b illustrations, maps ;
_c29 cm
500 _aIncludes bibliographical references and index.
650 _aCivilization, Western
_vTextbooks
_xHistory
942 _2lcc
_cBK
_eNinth ed.
999 _c306683
_d306683